000 00868nam a2200157Ia 4500
008 090711s9999 xx 000 0 und d
082 _b66530
100 _aसाठवणे पां. आ.
245 _aतुळशीSाा औषधी उपयोग / आवळयाSाा औषधी / अंगर किस्मीत मनुका लिंबाSा
300 _a20+20+24
600 _aसाठवणे पां. आ.
630 _aतुळशीSाा औषधी उपयोग / आवळयाSाा औषधी / अंगर किस्मीत मनुका लिंबाSा
700 _aसाठवणे पां. आ.
730 _aतुळशीSाा औषधी उपयोग / आवळयाSाा औषधी / अंगर किस्मीत मनुका लिंबाSा
942 _cBOOK
999 _c310549
_d310549